Potravinářské zákonodárství ve vybraných zemích

Saved in:
Bibliographic Details
Format: Book
Language:Czech
Published: Praha Výzkumný ústav potr. prům. 1988
Edition:1. vyd.
Tags: Add Tag
No Tags, Be the first to tag this record!

MARC

LEADER 00000nam a2200000 4500
001 c031401
005 20221219085533.4
041 0 |a cze 
044 |a CZ 
245 1 0 |a Potravinářské zákonodárství ve vybraných zemích 
250 |a 1. vyd. 
264 1 |a Praha  |b Výzkumný ústav potr. prům.  |c 1988 
300 |a 129 s.